01188nam a2200241Ia 4500001000600000003000900006008004100015040001300056040001300069041001300082100001800095100002900113245004800142245005000190250001100240260000900251260002400260260004900284300005900333500049600392650002700888650003100915C7488IT-RoPAU130308s9999 xx 000 0 und d aIT-RoPAU cIT-RoPAU aITALIANO aPesce Alberto gCodice Aut. SPICS: 2682 aFamiglia (La): il mondo tra le mura di casa bCapolavori raccontano un Secolo di Cinema (I) a1a ed. aALBA bPeriodici San Paolo c1994 [1° Ed.:1994 - Ed.Ling.Originale:1994] a"16 p. (prefazione: no ; testo: 16 [pagine: 101-116])" aScuola dei Sentimenti: Schema Tradizionale e Borghese, Poi Luogo D'Inquietudini Sociali e Crisi Personali. Schede e Note Critiche Sui Film: Family Life (1971) di Ken Loach, L'Albero degli zoccoli (1978) di Ermanno Olmi, Kramer contro Kramer (1979) di Robert Benton, la Famiglia (1987) di Ettore Scola, la Guerra dei Roses (1989) di Danny De Vito, a Proposito di Henry (1991)Di Mike Nichols. Note biografiche su Ingmar Bergman. legami d'amore e di Carriera. Russia tra Documento e Spettacolo. aGENERI CINEMATOGRAFICI eCodice materia Spics: 6810